| 000 | 00539nam a2200193Ia 4500 | ||
|---|---|---|---|
| 005 | 20260120130132.0 | ||
| 008 | 008 260114s9999 xx 000 0 eng d | ||
| 020 | _a9780190883638 | ||
| 037 | _aEBOOK | ||
| 040 |
_aCRL _beng _cCRL |
||
| 041 |
_aeng _2eng |
||
| 084 | _qCRL | ||
| 100 |
_aBrison & Gelber (eds) _9911425 |
||
| 245 | 0 | _aFree Speech in the Digital Age | |
| 260 |
_bOUPOxford University Press _c2019 |
||
| 856 | _uhttp://dx.doi.org/10.1093/oso/9780190883591.001.0001 | ||
| 942 | _cEBOOK | ||
| 999 |
_c1503324 _d1503324 |
||